| 000 | 00585cam a2200205ua 4500 | ||
|---|---|---|---|
| 001 | 11944 | ||
| 005 | 20260515114823.0 | ||
| 008 | 191203n ii |||gr||||Z||||||eng | ||
| 020 | _a9789382647003 | ||
| 040 | _cMAIN | ||
| 082 | _a428.00785 | ||
| 100 |
_aArvind M.Nawale, _eAuthor. |
||
| 245 |
_aRole of ICT in english language teaching and learning : _bobservations and ruminations / _cBy Arvind M.Nawale . |
||
| 250 | _a1st ed. | ||
| 260 |
_aDelhi: _bAccess, _c2013. |
||
| 300 | _a335p. | ||
| 653 | _aStandard English usage | ||
| 700 |
_aPrashant Mothe, _eAuthor. |
||
| 942 | _cBK | ||
| 999 |
_c10719 _d10719 |
||